000 01246cam a22003131i 4500
003 SA-RiAUC
005 20250914133226.0
008 250913s2002 ua g f000 0 ara c
020 _a977205129X
040 _aJO-IrYU
_bara
_cSA-RiAUC
_erda
041 1 _aara
_hund
050 1 4 _b.Z366 2002
082 0 4 _a219
090 _a219
_bز ق ز
100 1 _aزقزوق، محمود حمدي،
_d1933-
_eمؤلف.
245 1 2 _aالإسلام وقضايا الحوار /
_cمحمود حمدي زقزوق ؛ ترجمة مصطفى ماهر.
264 1 _aالقاهرة :
_bوزارة الأوقاف، المجلس الأعلى للشؤون الاسلامية،
_c2002
300 _a275 صفحة ؛
_c24 سم
336 _aنص
_btxt
_2rdacontent
_3كتاب
337 _aبدون وسيط
_bn
_2rdamedia
338 _aمجلد
_bnc
_2rdacarrier
520 0 _aالقرآن الكريم.
650 7 _aالإسلام والإصلاح الاجتماعي
_2aucsh
650 7 _aالإسلام والإصلاح الاقتصادي
_2aucsh
650 7 _aالإسلام والإصلاح السياسي
_2aucsh
700 1 _aماهر، مصطفى،
_d1936-2021
_eمترجم.
942 _2ddc
_cBOOK
_n0
949 _aSA-JeALM
_d250913
_umohamedma123
_n1
999 _c11682
_d11682